Jocelyn Flores - XXXTENTACION (Full lyrics) - Statistics

General Stats
  • This quiz has been taken 8 times
  • The average score is 90 of 244
Answer Stats
Answer % Correct
you
100%
a
83%
be
83%
I
83%
in
83%
know
83%
me
83%
my
83%
so
83%
well,
83%
well
83%
been
67%
Been
67%
I'm
67%
I've
67%
pain,
67%
pain
67%
when
67%
brain
50%
can
50%
do
50%
don't
50%
he
50%
some
50%
that
50%
That
50%
wanna
50%
Wanna
50%
anything
33%
can't
33%
change
33%
end
33%
feel
33%
fuckin'
33%
Fuckin'
33%
got
33%
it,
33%
killed
33%
pretty—
33%
put
33%
somewhere,
33%
somewhere
33%
then,
33%
trapped
33%
with
33%
All
17%
And
17%
at
17%
call
17%
feelin'
17%
fucked
17%
girl,
17%
Girl
17%
helped
17%
her,
17%
herself
17%
hold
17%
holding
17%
just
17%
knot
17%
mean,
17%
mind,
17%
nigga
17%
niggas
17%
no
17%
nobody
17%
numb
17%
on
17%
phone
17%
Post-
17%
same
17%
same,
17%
shots
17%
sickenin';
17%
slip
17%
stress
17%
Suicidal,
17%
summer
17%
ten
17%
things,
17%
to
17%
traumatic
17%
was
17%
you're
17%
bed,
0%
'bout
0%
'Bout
0%
But
0%
conversations
0%
couple
0%
decisions
0%
diggin'
0%
ever
0%
excited
0%
get
0%
grapevine
0%
grave
0%
had
0%
haste
0%
hate
0%
Havin'
0%
I'll
0%
locked
0%
man,
0%
Memories
0%
months
0%
myself
0%
nothing
0%
pessimistic
0%
Picture
0%
piss
0%
playin'
0%
pot
0%
pretend
0%
see
0%
since
0%
something,
0%
stuck
0%
surface
0%
tame
0%
the
0%
they
0%
thinking
0%
this,
0%
this
0%
through
0%
time
0%
trippin'
0%
uncle
0%
up
0%
we're
0%
No matching quizzes found
Score Distribution
Percent of People with Each Score
Percentile by Number Answered
Your Score History
You have not taken this quiz